| 000 | 00534nam a2200205Ia 4500 | ||
|---|---|---|---|
| 005 | 20250217050922.0 | ||
| 008 | 240331s9999 xx 000 0 und d | ||
| 020 | _a0631151885 | ||
| 082 |
_bWEE _23570 _a305.4 |
||
| 100 | _aWeedon, C | ||
| 245 | 0 | _aFeminist Practice & Poststructuralist Theory | |
| 260 |
_aMassachusetts; _aOxford _bBlackwell Publishers _c1987 |
||
| 300 | _aviii, 187 p., | ||
| 650 | _aFeminism | ||
| 650 | _aPoststructuralist | ||
| 650 | _aPsychoanalysis | ||
| 650 | _aLanguage | ||
| 650 | _aWomen | ||
| 942 | _cL | ||
| 999 |
_c1724 _d1724 |
||